Vypracovanie projektu zlepšovania manažérstva reklamácií vo vybranej strojárskej spoločnosti na Slovensku

Na minha lista:
Detalhes bibliográficos
Autor principal: Kozák, Jozef, 1988- (Author)
Outros Autores: Urdziková, Jana (Thesis advisor)
Formato: Manuscrito Livro
Idioma:eslovaco
Publicado em: Trnava : STU v Bratislave MTF UPMK, 2012
Assuntos:
Acesso em linha:VAIS
Tags: Adicionar Tag
Sem tags, seja o primeiro a adicionar uma tag!

MARC

LEADER 00000ntm a22000003a 4500
001 stu248806
005 20160719160643.5
008 120620s2012----xo------------------slo-d
040 |a STU  |b slo 
041 0 |a slo 
044 |a xo 
100 1 |a Kozák, Jozef,  |d 1988-  |4 aut  |X 48472  |7 A000048472 
242 0 0 |a The project aimed to improve management of claims in the selected engineering company in Slovakia.  |y eng 
245 1 |a Vypracovanie projektu zlepšovania manažérstva reklamácií vo vybranej strojárskej spoločnosti na Slovensku 
260 |a Trnava :  |b STU v Bratislave MTF UPMK,  |c 2012 
300 |a 94s  |c CD ROM 
650 7 |a inžinierstvo kvality produkcie  |2 stusub 
650 7 |a Engineering of Production Quality  |2 estusub 
650 7 |a zákazník  |2 stusub 
650 7 |a manažérstvo reklamácií  |2 stusub 
700 1 |a Urdziková, Jana  |4 ths  |u M4000  |U MTF Materiálovotechnologická fakulta  |T MTF Ústav priemyselného inžinierstva a manažmentu  |U M4000  |Y 84 
856 4 |a info a plný text  |u http://is.stuba.sk/zp/portal_zp.pl?podrobnosti=80299  |3 VAIS 
996 |c M*DP-10777  |l MMSKP  |s P  |a 0  |w stu248806_0001